000 00799nam a22002657a 4500
001 BR7400826
003 BR-BrBNA
005 20230928084530.0
007 ta
008 230509b bl.||||| |||| 00| 0 por d
040 _aBR-BrBNA
_bpor
_cBiblioteca Nacional de Agricultura
041 _a(Por)
072 _aB50; F00
_b0230
_b/G514
090 _ 0230 BR7400826
100 1 _aAnon.
245 1 _a4. Centenario da cana de assucar no Municipio de Campos Estado do Rio de Janeiro [Brasil]
260 3 _aNiteroi, RJ (Brasil):
_bDepartamento de Propaganda e Turismo do Estado do Rio de Janeiro,
_c1939.
300 _a33 p.
500 _aMap, scale 1:600,000
650 _aCANA DE ACUCAR
650 _aCAMPOS
650 _aRIO DE JANEIRO
909 _a202309
_bLucia
_c55
_dLucia Elande
942 _cBK
999 _c19578
_d19578